| 000 | 00656nam a2200157Ia 4500 | ||
|---|---|---|---|
| 008 | 100122s9999 xx 000 0 und d | ||
| 082 |
_b58188 _a823 |
||
| 100 | _aजोशी स कृ | ||
| 245 | _aअद्वैत (आद्य शंकराचार्यांची चरित-कथा) | ||
| 250 | _a2 | ||
| 260 |
_bकॉटिनेंटल प्रकाशन _c1995 |
||
| 300 | _a145 | ||
| 630 | _aअद्वैत (आद्य शंकराचार्यांची चरित-कथा) | ||
| 730 | _aअद्वैत (आद्य शंकराचार्यांची चरित-कथा) | ||
| 942 | _cBOOK | ||
| 999 |
_c434196 _d434193 |
||